Normal view MARC view
  • Trek back from Burma

Entry Topical Term

Number of records used in: 1

001 - CONTROL NUMBER

  • control field: 105793

003 - CONTROL NUMBER IDENTIFIER

  • control field: NUST

005 - DATE AND TIME OF LATEST TRANSACTION

  • control field: 20221224104841.0

008 - FIXED-LENGTH DATA ELEMENTS

  • fixed length control field: 221224|| aca||aabn | a|a d

040 ## - CATALOGING SOURCE

  • Original cataloging agency: NUST
  • Transcribing agency: NUST

150 ## - HEADING--TOPICAL TERM

  • Topical term or geographic name entry element: Trek back from Burma

670 ## - SOURCE DATA FOUND

  • Source citation: Work cat.: (NUST)185251: Burchett, Wilfred G 49022, Trek back from Burma /, [1943
© 2023 Central Library, National University of Sciences and Technology. All Rights Reserved.